000 01050nam a2200277 a 4500
001 3633
003 BD-RjUL
005 20211208233748.0
008 131219r19511948nyu 000 0 eng d
035 _a(BD-RjUL)3667
040 _aBD-RjUL
_beng
_cBD-RjUL
041 _aeng
082 _a340.1
_bGOE 1951
_223
100 1 _aGoodhart, Arthur L.
_q(Arthur Lehman),
_d1891-1978.
_911511
245 1 0 _aEnglish contributions to the philosophy of law /
_cby Arthur L. Goodhart ; with an introduction by Cloyd Laporte.
260 _aNew York :
_bOxford University Press,
_c1948 [reprinted 1951].
300 _a44 p. ;
_c21 cm.
490 1 _aBenjamin N. Cardozo lectures ;
_v7
500 _a"Seventh annual Benjamin N. Cardozo Lecture delivered before the Association of the Bar of the City of New York, 25 May 1948"--t.p.
500 _aIncludes bibliographical footnotes.
650 0 _aLaw
_xPhilosophy.
_911434
650 0 _aLaw
_xEnglish influences.
_911512
830 0 _v7
_9139559
830 0 _aBenjamin N. Cardozo lectures ;
_9139560
942 _2ddc
_cBK
999 _c3633
_d3633